| 000 | 00962nab a22002297a 4500 | ||
|---|---|---|---|
| 999 |
_c6412 _d6412 |
||
| 003 | OSt | ||
| 005 | 20260202120242.0 | ||
| 008 | 190429b xxu||||| |||| 00| 0 spa d | ||
| 040 | _cPJ | ||
| 100 |
_96546 _aCueto, A. Mauricio |
||
| 245 | 1 | 0 |
_aA 10 años de la sanción del delito de grooming. Art. 131 del Cód. Penal /
_cMauricio Cueto. |
| 260 |
_cCiudad Autónoma de Buenos Aires : _aThomson Reuters La Ley, _b2023. |
||
| 300 | _ap. 50-60 | ||
| 500 | _aCita Online: AR/DOC/1814/2023. | ||
| 505 | _aSumario: I. Introducción.— II. Requisitos típicos.— III. Generalidades. | ||
| 505 | _tSi te interesa el texto completo, solicitalo a koha@justierradelfuego.gov.ar | ||
| 650 | 0 |
_9343 _aDERECHO PENAL |
|
| 650 | 0 |
_92478 _aCODIGO PENAL |
|
| 650 | 0 |
_aGROOMING _94857 |
|
| 773 | 0 |
_02658 _93164 _tRevista de derecho penal y criminología. Nº 8 - Septiembre 2023 _dCiudad Autónoma de Buenos Aires : Thomson Reuters La Ley, 2017- _x00347914 |
|
| 942 |
_2udc _cANA |
||